[Event "Barcelona Rubi op-A 5th"]
[Site "Barcelona"]
[Date "2004.04.??"]
[Round "4"]
[White "Martinez Lopez, Miquel"]
[Black "Terron Merino, Patricio"]
[Result "1-0"]
[WhiteElo "1925"]
[BlackElo "1980"]
[PlyCount "103"]
[EventDate "2004.04.25"]
[EventType "swiss"]
[EventRounds "9"]
[EventCountry "ESP"]
[SourceTitle "EXT 2007"]
[Source "ChessBase"]
[SourceDate "2006.11.23"]
[SourceVersion "1"]
[SourceVersionDate "2006.11.23"]
[SourceQuality "1"]

1. e4 e5 2. Nf3 Nc6 3. Bc4 Bc5 4. 0-0 Nf6 5. d3 d6 6. h3 Be6 7. Bb3 Qe7 8. Nc3 Nd4 9. Nxd4 Bxd4 10. Ne2 Bb6 11. Be3 Rg8 12. Bxb6 axb6 13. f4 Nh5 14. Bxe6 Qxe6 15. f5 Qh6 16. Qc1 g5 17. Rf3 Nf4 18. Nxf4 gxf4 19. Qd2 Kd7 20. g4 Rg5 21. Kf2 Qg7 22. Ke1 h5 23. gxh5 Rg1+ 24. Rf1 Rg2 25. Qc3 Qg3+ 26. Kd1 Qe3 27. Qe1 Qxh3 28. Rh1 Qg4+ 29. Kc1 f3 30. Rf1 Qxh5 31. b3 Qh2 32. Qd1 Rf2 33. Kb2 Rg8 34. d4 exd4 35. Rxf2 Qxf2 36. Qd3 Qe3 37. Qc4 Rf8 38. Qd3 Re8 39. Rf1 f2 40. Qb5+ c6 41. Qxb6 Qc3+ 42. Kb1 Qe1+ 43. Kb2 Rb8 44. Qxd4 Qxf1 45. e5 d5 46. e6+ Ke7 47. Qh4+ f6 48. Qb4+ Ke8 49. Qd6 Qa1+ 50. Kxa1 f1Q+ 51. Kb2 Rd8 52. Qc7 1-0

[Event "Barcelona Rubi op-A 5th"]
[Site "Barcelona"]
[Date "2004.04.??"]
[Round "8"]
[White "Terron Merino, Patricio"]
[Black "Amor Alcaide, Manuel"]
[Result "0-1"]
[WhiteElo "1980"]
[BlackElo "2065"]
[PlyCount "94"]
[EventDate "2004.04.25"]
[EventType "swiss"]
[EventRounds "9"]
[EventCountry "ESP"]
[SourceTitle "EXT 2007"]
[Source "ChessBase"]
[SourceDate "2006.11.23"]
[SourceVersion "1"]
[SourceVersionDate "2006.11.23"]
[SourceQuality "1"]

1. e4 d6 2. f4 Nf6 3. Nc3 c6 4. Nf3 g6 5. d4 Bg7 6. e5 Ng4 7. Be2 f6 8. Ng5 Nh6 9. Nf3 0-0 10. 0-0 Bg4 11. Bc4+ Kh8 12. h3 Bxf3 13. Rxf3 f5 14. d5 dxe5 15. fxe5 Nf7 16. Rd3 Nxe5 17. dxc6 Qc8 18. cxb7 Qxb7 19. Bd5 Nbc6 20. Re3 Rad8 21. Qe1 Qd7 22. Bxc6 Nxc6 23. Ne2 Qd5 24. c3 e5 25. Kh2 Qd1 26. Ng1 Rd7 27. Re2 Qxe1 28. Rxe1 Rd3 29. Be3 Rfd8 30. g3 h6 31. Kg2 g5 32. Rac1 R8d7 33. Kf2 Na5 34. Rc2 Nc4 35. Bc1 Nd6 36. Re3 Ne4+ 37. Kf3 Rd1 38. Kg2 Nd6 39. c4 e4 40. Ne2 Be5 41. c5 f4 42. gxf4 gxf4 43. Nc3 Rg7+ 44. Kf2 Rdg1 45. Nxe4 Nxe4+ 46. Rxe4 R1g2+ 47. Kf3 R7g3# 0-1

[Event "Barcelona Rubi op-A 5th"]
[Site "Barcelona"]
[Date "2004.04.??"]
[Round "5"]
[White "Terron Merino, Patricio"]
[Black "Soler Ferret, Felipe"]
[Result "1-0"]
[WhiteElo "1980"]
[BlackElo "1935"]
[PlyCount "111"]
[EventDate "2004.04.25"]
[EventType "swiss"]
[EventRounds "9"]
[EventCountry "ESP"]
[SourceTitle "EXT 2007"]
[Source "ChessBase"]
[SourceDate "2006.11.23"]
[SourceVersion "1"]
[SourceVersionDate "2006.11.23"]
[SourceQuality "1"]

1. Nf3 Nf6 2. c4 g6 3. g3 Bg7 4. Bg2 0-0 5. 0-0 d6 6. Nc3 c6 7. d4 Bg4 8. h3 Bxf3 9. Bxf3 Nbd7 10. Be3 Re8 11. Rc1 Qa5 12. Qd2 Rad8 13. b4 Qxb4 14. Rb1 Qxc4 15. Rxb7 Qa6 16. Rb4 Rb8 17. Ra4 Qc8 18. Rxa7 Ra8 19. Nb5 Nd5 20. Rc1 N7f6 21. Bg5 Qb8 22. Rxa8 Qxa8 23. Bxf6 cxb5 24. Bxe7 Rxe7 25. Bxd5 Qe8 26. e3 Bh6 27. Bc6 Qb8 28. Rb1 Qb6 29. Bxb5 Rb7 30. Bd3 Qa7 31. Rxb7 Qxb7 32. Bf1 Bg7 33. a4 Bf6 34. a5 Bd8 35. a6 Qa7 36. f4 Bb6 37. Qg2 Kf8 38. Qd5 Bc7 39. g4 Kg7 40. g5 Bb8 41. Bc4 Qe7 42. Kf2 Ba7 43. h4 Qc7 44. Kf3 Qd7 45. Kg3 Qe7 46. e4 Qc7 47. Kg4 h5+ 48. Kf3 Qd7 49. f5 gxf5 50. exf5 Qc7 51. Kf4 Qd7 52. Qb7 Qxb7 53. axb7 Bb8 54. Ke4 f6 55. g6 Kh6 56. Kd5 1-0